Catálogo

La fraternidad : (Registro nro. 3806)

Detalles MARC
000 -LEADER
fixed length control field 01115cam a2200325 i 4500
001 - CONTROL NUMBER
control field 3806
003 - CONTROL NUMBER IDENTIFIER
control field Mx-PuUPA
005 - DATE AND TIME OF LATEST TRANSACTION
control field 20250618122234.0
008 - FIXED-LENGTH DATA ELEMENTS--GENERAL INFORMATION
fixed length control field 140415s2007 sp gr 000 0 spa d
017 ## - COPYRIGHT OR LEGAL DEPOSIT NUMBER
Copyright or legal deposit number V-4568-2007
020 ## - INTERNATIONAL STANDARD BOOK NUMBER
International Standard Book Number 9788495333940
040 ## - CATALOGING SOURCE
Original cataloging agency Mx-PuUPA
Language of cataloging spa
Transcribing agency Mx-PuUPA
Modifying agency Mx-PuUPA
Description conventions rda
041 ## - LANGUAGE CODE
Language code of text/sound track or separate title spa
100 1# - MAIN ENTRY--PERSONAL NAME
Personal name Chalier, Catherine
Relator term autor
240 13 - UNIFORM TITLE
Uniform title La fraernite, un espoir en clair-obscur,
Language of a work Español
245 13 - TITLE STATEMENT
Title La fraternidad :
Remainder of title los claroscuros de una esperanza /
Statement of responsibility, etc. Catherine Chalier
250 ## - EDITION STATEMENT
Edition statement 1a edición /
Remainder of edition statement septiembre
264 #1 - PRODUCTION, PUBLICATION, DISTRIBUTION, MANUFACTURE, AND COPYRIGHT NOTICE
Place of production, publication, distribution, manufacture Valencia :
Name of producer, publisher, distributor, manufacturer EDITILDE,
Date of production, publication, distribution, manufacture, or copyright notice ©2007
300 ## - PHYSICAL DESCRIPTION
Extent 109 páginas ;
Dimensions 21 cm
336 ## - CONTENT TYPE
Fuente rdacontent
Content type term texto
Content type code txt
337 ## - MEDIA TYPE
Source rdamedia
Media type term sin medio
Media type code n
338 ## - CARRIER TYPE
Source rdacarrier
Carrier type term volumen
Carrier type code nc
490 ## - SERIES STATEMENT
Series statement MANUALES DE DISEÑO
650 #7 - SUBJECT ADDED ENTRY--TOPICAL TERM
Source of heading or term armarc
9 (RLIN) 13986
700 1# - ADDED ENTRY--PERSONAL NAME
Personal name Ayuso Diez, Jesús María,
Relator term traductor
765 0# - ORIGINAL LANGUAGE ENTRY
Main entry heading Buchet, Chastel
Place, publisher, and date of publication París : 2003
Title La fraternité, un espoir en clair-obscur :
942 ## - ADDED ENTRY ELEMENTS (KOHA)
Source of classification or shelving scheme Dewey Decimal Classification
Koha item type Libro
Classification part xx
Item part xx
Existencias
Withdrawn status Lost status Source of classification or shelving scheme Damaged status Not for loan Collection code Home library Current library Shelving location Date acquired Source of acquisition Total Checkouts Full call number Barcode Price effective from Koha item type
    Dewey Decimal Classification   En catalogación General Biblioteca Karol Wojtyla Biblioteca Karol Wojtyla Procesos técnicos 03/12/2013 Donación   xx 48201 03/12/2013 Libro